Black Clover 185 Personnages sans Indices - Statistiques

Statistiques générales
  • Ce quiz a été pris 25 fois
  • Le résultat moyen est 44 sur 185
Statistiques - réponses
Numéro Personnage % Correct
1 Asta
100%
2 Yuno Grinberryall
100%
3 Yami Sukehiro
95%
12 Grey
81%
17 Julius Novachrono
81%
4 Noelle Silva
81%
8 Vanessa Enoteca
81%
6 Luck Voltia
76%
5 Magna Swing
76%
44 Charlotte Roselei
71%
10 Gosh Adley
71%
47 Jack l'Éventreur
71%
25 Mimosa Vermillion
71%
15 Nero / Secre Swallowtail
71%
9 Charmy Pappitson
67%
31 Nozel Silva
67%
22 William Vangeance
67%
58 Dorothy Unsworth
62%
7 Finral Roulacase
62%
37 Fuegoleon Vermillion
62%
11 Gordon Agrippa
62%
39 Leopold Vermillion
62%
79 Licht
62%
38 Mereoleona Vermillion
62%
45 Sol Marron
62%
83 Fana (elfe)
57%
107 Fana (humaine)
57%
14 Henry Legolant
57%
24 Klaus Lunettes
57%
13 Zora Ideale
57%
77 Lumiel Silvamillion Clover
52%
108 Mars
52%
62 Marx François
52%
33 Nebra Silva
52%
55 Rill Boismortier
52%
23 Langris Vaude
48%
98 Lily Aquaria
48%
117 Marie Adley
48%
16 Nacht Faust
48%
48 Sekke Bronzazza
48%
32 Solid Silva
48%
167 Liebe
43%
181 Lucius Zogratis
43%
80 Patry
43%
81 Ryah
43%
82 Vet
43%
50 Kaiser Granvorka
38%
67 Bell
33%
147 Dante Zogratis
33%
99 Nash
33%
68 Salamandre
33%
148 Zenon Zogratis
33%
184 Acier Silva
29%
132 Augustus Kira Clover XIII
29%
121 Neige
29%
64 Owen
29%
119 Rebecca Scarlet
29%
28 Silen Tium
29%
26 Alecdora Sandler
24%
51 Gueldre Poizot
24%
59 Kirsch Vermillion
24%
137 Lolopechka
24%
158 Lucifero
24%
160 Megicula
24%
183 Morgen Faust
24%
69 Ondine
24%
71 Rades Spirito
24%
73 Sally
24%
72 Valtos
24%
149 Vanica Zogratis
24%
29 David Swallow
19%
115 Dominante Code
19%
27 Hamon Caseus
19%
127 Kahono
19%
109 Ladros
19%
46 Paulie Angel
19%
40 Randall Luftair
19%
130 Reine des Sorcières
19%
103 Revchi Salik
19%
52 Xerx Lügner
19%
166 Zagred
19%
54 Zara Ideale
19%
122 Baro
14%
159 Belzébuth
14%
63 Cob Portaporte
14%
18 Conrad Leto
14%
133 Damnatio Kira
14%
138 Gadjah
14%
126 Gio
14%
128 Kiato
14%
164 Lilith
14%
106 Lotus Whomalt
14%
120 Marco Scarlet
14%
116 Mariella
14%
97 Orsi Orfai
14%
100 Recca
14%
36 Rob Vitesse
14%
78 Tetia
14%
118 Theresa Rapual
14%
101 Aruru
10%
157 Astaroth
10%
162 Baal
10%
110 Brocks
10%
75 Catherine
10%
144 Ciel Grinberryall
10%
53 Digit Taliss
10%
95 Eclat
10%
49 En Ringard
10%
70 Esprit de la Terre
10%
114 Fanzell Kruger
10%
57 Fragil Tormenta
10%
150 Gaderois Godroc
10%
125 Gifso
10%
102 Hollo
10%
111 Lagus
10%
30 Letoile Becquerel
10%
84 Lira
10%
143 Loyce Grinberryall
10%
161 Lucifugus
10%
182 Morris Libardirt
10%
135 Nathan Agrippa
10%
34 Nils Ragus
10%
136 Richita
10%
88 Rossa
10%
41 Ruben Chagar
10%
104 Salim Hapshass
10%
56 Walter
10%
112 Yagos
10%
89 Ado
5%
163 Adramelech
5%
42 Ben Benfunk
5%
91 Charla
5%
5 Curtis Wolne
5%
85 Drowa
5%
96 Dryad
5%
134 Finesse Calmreich
5%
140 Floga
5%
151 Foyal Migusteau
5%
76 George
5%
168 Gimodelo
5%
154 Halbet Chevour
5%
74 Heath Grice
5%
155 Hischer Ongg
5%
92 Latry
5%
65 Makusa North
5%
165 Nahama
5%
170 Plumede
5%
139 Potrof
5%
145 Ralph Niaflem
5%
86 Reve
5%
60 Rick Cornell
5%
156 Robero Ringert
5%
87 Ronne
5%
131 Rouge
5%
141 Sarado
5%
153 Sivoir Snyle
5%
169 Slotos
5%
142 Smurik
5%
152 Svenkin Gatard
5%
146 Allen Fiarain
0%
123 Aphro
0%
94 Baval
0%
61 Demitri Brint
0%
19 Edward Avalaché
0%
113 Feremena
0%
43 Forti Gliss
0%
175 Hanegatsuji Jôzô
0%
177 Imari Komari
0%
20 Jester Garandros
0%
178 Kezôkaku Ginnojômorifuyu
0%
93 Kivn
0%
129 Léviathan
0%
90 Lufulu
0%
173 Mikuriya Fumito
0%
66 Millie Maxwell
0%
179 Mushôgatake Yosuga
0%
176 Ôoka Daizaemon
0%
124 Phati
0%
21 Princia Funnybunny
0%
172 Ryûdô Ryûya
0%
105 Seihi
0%
180 Tenmanyashiki Fujio
0%
171 Walgner
0%
174 Yami Ichika
0%
185 Yurul
0%
Aucun quiz correspondant
Distribution des résultats
% des personnes avec chaque résultat
Percentile par nombre de réponses
Votre historique - résultats
Vous n’avez pas pris ce quiz